[Event "Orel"]
[Site "Orel"]
[Date "1992.??.??"]
[Round "?"]
[White "Zaitsev, Igor A"]
[Black "Kholmov, Ratmir D"]
[Result "1/2-1/2"]
[WhiteElo "2445"]
[BlackElo "2485"]

1.d4 Nf6 2.c4 e6 3.Nf3 Bb4+ 4.Bd2 a5 5.a3 Bxd2+ 6.Qxd2 d5 7.Nc3 O-O 8.Qf4 Qd6
9.Qh4 c5 10.dxc5 Qxc5 11.e3 dxc4 12.Bxc4 Bd7 13.O-O Nc6 14.Rac1 Ne5 15.Nxe5 Qxe5
16.Rfd1 Bc6 17.Qg3 Qxg3 18.hxg3 Rfd8 19.f3 Kf8 20.g4 h6 21.Kf2 Ke7 22.e4 Rxd1
23.Rxd1 Rb8 24.Bb5 Bxb5 25.Nxb5 Rc8 26.Rd2  1/2-1/2

[Event "Oslo"]
[Site "Oslo"]
[Date "1992.??.??"]
[Round "5"]
[White "Djurhuus, Rune"]
[Black "Gausel, Einar"]
[Result "0-1"]
[WhiteElo "2420"]
[BlackElo "2445"]

1.d4 Nf6 2.Nf3 e6 3.c4 Bb4+ 4.Bd2 a5 5.g3 d5 6.cxd5 exd5 7.Nc3 O-O 8.Bg2 c6
9.O-O Bf5 10.Rc1 Re8 11.Bg5 Nbd7 12.Na4 h6 13.Bxf6 Qxf6 14.e3 Bg4 15.h3 Bh5
16.Nc3 Re7 17.Nb1 Ra6 18.a3 Bd6 19.Nbd2 Bg6 20.Rc3 Rb6 21.Qc1 Re8 22.Rb3 Rxb3
23.Nxb3 Qd8 24.Qc3 a4 25.Nc1 Nf6 26.Nd2 Qb6 27.Re1 h5 28.h4 Bf5 29.Ne2 Bg4
30.Qc2 Qa5 31.Nc3 Qc7 32.Nf1 b5 33.Rc1 Qe7 34.Re1 Qd7 35.e4 Bf5 36.Nd2 c5
37.dxc5 Bxc5 38.Nxd5 Qxd5 39.Rd1 Rc8 40.Nf1 Bxe4  0-1

[Event "Oviedo rapid45"]
[Site "Oviedo"]
[Date "1992.??.??"]
[Round "5"]
[White "Gabaldon, Miguel"]
[Black "Aleksandrov, Aleksej"]
[Result "0-1"]
[WhiteElo "2250"]
[BlackElo "2460"]

1.d4 Nf6 2.Nf3 e6 3.c4 Bb4+ 4.Bd2 a5 5.g3 d5 6.Bg2 dxc4 7.O-O Nc6 8.Bg5 O-O
9.a3 Be7 10.Nc3 Rb8 11.a4 b6 12.e4 Ba6 13.Re1 Nb4 14.Ne5 h6 15.Bf4 Nd7 16.Ng4 Bg5
17.Bxg5 hxg5 18.Ne3 Nd3 19.Re2 c5 20.Nb5 cxd4 21.Nxc4 Bxb5 22.axb5 N7e5 23.Nxe5 Nxe5
24.Rd2 d3 25.f4 gxf4 26.gxf4 Ng6 27.Rxd3 Qf6 28.Rf3 Nxf4 29.Qd6 Qd4+ 30.Qxd4 Ne2+
31.Kf2 Nxd4 32.Rh3 Rbc8 33.e5 Rc5 34.Ra4 Nf5 35.Be4 Rxe5 36.Bxf5 Rxf5+ 37.Ke3 Rxb5  0-1

[Event "Oviedo rapid45"]
[Site "Oviedo"]
[Date "1992.??.??"]
[Round "5"]
[White "Piket, Jeroen"]
[Black "Smyslov, Vassily"]
[Result "1/2-1/2"]
[WhiteElo "2615"]
[BlackElo "2530"]

1.d4 Nf6 2.c4 e6 3.Nf3 Bb4+ 4.Bd2 a5 5.g3 d5 6.Bg2 dxc4 7.O-O Nc6 8.e3 O-O
9.Qc1 Bd6 10.Qxc4 e5 11.Nc3 exd4 12.exd4 Bf5 13.Nh4 Bd7 14.Nb5 Re8 15.Rfe1 Rxe1+
16.Rxe1 Qf8 17.Nxd6 cxd6 18.d5 Ne5 19.Qd4 Ng6 20.Nxg6 hxg6 21.Qb6 a4 22.Bb4 Re8
23.Rc1 Rc8 24.Rxc8 Qxc8 25.Bc3 a3 26.h3 axb2 27.Qxb2 Bxh3 28.Bxh3 Qxh3 29.Bxf6 gxf6
30.Qxb7 Qg4 31.Qb8+ Kg7 32.Qxd6 Qe4 33.a3 Qe1+ 34.Kg2 Qe4+ 35.Kh2 Qd4 36.Kg1 g5
37.Qc6 Qa1+ 38.Kh2 Qxa3 39.d6 Qd3 40.d7 g4 41.Qa4 f5 42.Qa1+ Kg6 43.Qa7 Qd1
44.Qb7 Kg7 45.Kg2 Qd4 46.Qc7 Qd5+ 47.Kg1 Qd1+ 48.Kg2 Qd5+ 49.Kh2 Qd4 50.d8=Q  1/2-1/2

[Event "Palma de Mallorca op"]
[Site "Palma de Mallorca"]
[Date "1992.??.??"]
[Round "5"]
[White "Zlotnik, Boris A"]
[Black "Fernandez, Juan Luis"]
[Result "1/2-1/2"]
[WhiteElo "2455"]
[BlackElo "2290"]

1.d4 Nf6 2.c4 e6 3.Nf3 Bb4+ 4.Bd2 Qe7 5.g3 O-O 6.Bg2 Bxd2+ 7.Qxd2 Ne4 8.Qc2 f5
9.O-O Nc6 10.d5 Nb4 11.Qb3 a5 12.Nc3 Na6 13.Nxe4 fxe4 14.Nd2 Nc5 15.Qa3 exd5
16.cxd5 d6 17.b4 Na6 18.bxa5 Nc5 19.Qe3 Rxa5 20.Nxe4 Ra4 21.Nc3 Qxe3 22.fxe3 Rxf1+
23.Kxf1 Ra5 24.Ne4 Bf5 25.Nxc5 Rxc5 26.Ke1 Kf7 27.e4 Bg6 28.Rb1 b6 29.Rb4 Kf6
30.Ra4 Ra5 31.Rxa5 bxa5 32.Kd2 Ke5 33.Kd3 Be8 34.Kc4 Bd7 35.Bf3 h6 36.h3 Be8
37.a3 g5 38.Kd3 Bg6 39.Kc4 Be8 40.Kd3 Bg6 41.Ke3 Bf7 42.Kd3 Bg6  1/2-1/2

[Event "Pardubice op"]
[Site "Pardubice"]
[Date "1992.??.??"]
[Round "3"]
[White "Piesina, Gintautas"]
[Black "Hracek, Zbynek"]
[Result "1-0"]
[WhiteElo "2415"]
[BlackElo "2480"]

1.d4 Nf6 2.c4 e6 3.Nf3 Bb4+ 4.Bd2 Qe7 5.g3 Nc6 6.Nc3 d6 7.Bg2 Bxc3 8.Bxc3 Ne4
9.Rc1 O-O 10.O-O Nxc3 11.Rxc3 e5 12.d5 Nb8 13.Nd2 a5 14.c5 Na6 15.cxd6 cxd6
16.Nc4 Qd8 17.a4 b6 18.f4 exf4 19.gxf4 f5 20.e4 fxe4 21.Bxe4 Nc5 22.Bc2 Ra7
23.Rg3 Qf6 24.Ne3 Re7 25.f5 Ne4 26.Rg2 Kh8 27.Ng4 Qh4 28.Qe1 Qxe1 29.Rxe1 Bxf5
30.h3 Rc8 31.Rge2 h5 32.Nf2 Rxc2 33.Rxc2 Nxf2 34.Rxe7 Nxh3+ 35.Kh2 Bxc2 36.Kxh3 Bxa4
37.Rb7 Bb3 38.Rxb6 Bxd5 39.Rxd6 Bb3 40.Kh4 a4 41.Kxh5 Kh7 42.Kg5 Bc2 43.Rc6 Bb3
44.Kf5 Kg8 45.Rc1 Kh7 46.Rh1+ Kg8 47.Rh4 Kf7 48.Rh8 Bc2+ 49.Kg5 Ke6 50.Rc8 Bb1
51.Rc4 Kd5 52.Rxa4 Kc5 53.Kf4 Bc2 54.Ra7 Kb4 55.Rxg7 Bb1 56.Rb7+ Kc4 57.Ke3 Bf5
58.Kd2 Be4 59.Re7 Bf5 60.Re8 Bg6 61.Rg8 Bh7 62.Rg7 Bf5 63.Rc7+ Kb3 64.Rb7+ Kc4
65.b3+  1-0

[Event "Pardubice op"]
[Site "Pardubice"]
[Date "1992.??.??"]
[Round "8"]
[White "Majzlan, Igor"]
[Black "Gladisheva, Tatjana"]
[Result "1-0"]
[WhiteElo "2320"]
[BlackElo "2080"]

1.d4 Nf6 2.c4 e6 3.Nf3 Bb4+ 4.Bd2 Qe7 5.Nc3 b6 6.g3 Bb7 7.Bg2 O-O 8.O-O Bxc3
9.Bxc3 Be4 10.Nd2 Bxg2 11.Kxg2 d6 12.e4 e5 13.Qe2 Nbd7 14.d5 a5 15.b3 Kh8
16.a3 Ng8 17.b4 a4 18.f4 exf4 19.gxf4 Qh4 20.Kh1 Ndf6 21.Rf3 h5 22.Rg1 Kh7
23.Qg2 g6 24.Rh3 Qxf4 25.Rf1 Qg4 26.Bxf6 Nxf6 27.Rxf6 Qd1+ 28.Rf1 Qc2 29.Qg5  1-0

[Event "Pardubice op"]
[Site "Pardubice"]
[Date "1992.??.??"]
[Round "9"]
[White "Shumiakina, Tatiana"]
[Black "Lechtynsky, Jiri"]
[Result "1-0"]
[WhiteElo "2310"]
[BlackElo "2395"]

1.d4 Nf6 2.Nf3 e6 3.c4 Bb4+ 4.Bd2 c5 5.Bxb4 cxb4 6.g3 b6 7.Bg2 Bb7 8.O-O O-O
9.a3 bxa3 10.Rxa3 d6 11.Nc3 Nbd7 12.d5 e5 13.Ne1 a6 14.Nd3 Qc7 15.Ra4 Rfe8
16.e4 Bc8 17.Qe2 Nc5 18.Nxc5 bxc5 19.Rfa1 Rb8 20.Qc2 Qb6 21.R1a2 g6 22.Nb1 Kg7
23.Nd2 Qd8 24.R4a3 Rb4 25.Rb3 Qb6 26.Rxb4 Qxb4 27.Ra4 Qb6 28.Qb3 Nd7 29.Qc3 Qc7
30.Ra3 Bb7 31.Nb3 Rb8 32.Qa5 Qxa5 33.Nxa5 Bc8 34.b3 Nb6 35.f4 exf4 36.gxf4 f6
37.Nc6 Ra8 38.e5 fxe5 39.fxe5 dxe5 40.Nxe5 Bb7 41.Nd3 Nd7 42.Bh3 Bc8 43.Bxd7 Bxd7
44.Nxc5 Bc8 45.d6 Ra7 46.b4 Kf7 47.b5 Ke8 48.d7+ Bxd7 49.b6 Ra8 50.Re3+  1-0

[Event "Paris-ch"]
[Site "Paris"]
[Date "1992.??.??"]
[Round "6"]
[White "Avshalumov, Alex"]
[Black "Giffard, Nicolas"]
[Result "1/2-1/2"]
[WhiteElo "2480"]
[BlackElo "2340"]

1.d4 Nf6 2.c4 e6 3.Nf3 Bb4+ 4.Bd2 Qe7 5.e3 b6 6.Bd3 Bb7 7.Qc2 Bxd2+ 8.Nbxd2 d6
9.c5 O-O 10.Rc1 dxc5 11.dxc5 Na6 12.Bxa6 Bxa6 13.Qa4 Bb7 14.O-O Rfd8 15.c6 Bc8
16.e4 a5 17.e5 Nd5 18.a3 Ba6 19.Rfe1 Bd3 20.g3 h6 21.Ne4 b5 22.Qb3 Bc4 23.Qc2 Nb6
24.b3 Bd5 25.Nd4  1/2-1/2

[Event "Paris-ch"]
[Site "Paris"]
[Date "1992.??.??"]
[Round "9"]
[White "Wells, Peter K"]
[Black "Moulain, Jean Pierre"]
[Result "1-0"]
[WhiteElo "2470"]
[BlackElo "2205"]

1.d4 Nf6 2.c4 e6 3.Nf3 Bb4+ 4.Bd2 Qe7 5.g3 Nc6 6.Nc3 O-O 7.Bg2 d6 8.O-O e5
9.Nd5 Nxd5 10.cxd5 Bxd2 11.dxc6 Bh6 12.dxe5 dxe5 13.Nxe5 Qxe5 14.cxb7 Bxb7
15.Bxb7 Rab8 16.Bf3 Rxb2 17.Qa4 Qc5 18.Rfd1 Bd2 19.Rab1 Rxb1 20.Rxb1 Ba5
21.Rd1 Bb6 22.e3 g6 23.h4 h5 24.Kg2 Qe5 25.Rd5 Qb2 26.Qf4 Qxa2 27.Rg5 Kg7
28.Bxh5 Qb2 29.Qe4 Qf6 30.f4 Rd8 31.Bxg6 fxg6 32.h5 Qb2+ 33.Kh3 Rd6 34.Qe7+ Kg8
35.Re5 Qa1 36.Qe8+ Kh7 37.Qf7+  1-0

[Event "BUL-ch (Women)"]
[Site "Pernik"]
[Date "1992.??.??"]
[Round "5"]
[White "Tomovska, Iliana"]
[Black "Gocheva, Rumiana B"]
[Result "1-0"]
[WhiteElo "2020"]
[BlackElo "2230"]

1.d4 Nf6 2.c4 e6 3.Nf3 Bb4+ 4.Bd2 a5 5.g3 d5 6.Bg2 O-O 7.Qc2 Nc6 8.O-O Ne4
9.a3 Nxd2 10.Nbxd2 Be7 11.Rfd1 Bf6 12.e4 dxe4 13.Nxe4 Bxd4 14.Neg5 g6 15.Qe4 e5
16.Qh4 h5 17.Nxe5 Qf6 18.Nexf7 Bxf2+ 19.Kh1 Kg7 20.Rd2 Be3 21.Re2 Bd4 22.Rf1 Bf5
23.Re6 Bxe6 24.Rxf6 Bxf6 25.Nxe6+ Kxf7 26.Qh3 Rfc8 27.Bd5 Ne7 28.Nxc7+ Nxd5
29.Nxa8 Rxc4 30.Qd7+ Ne7 31.Nc7 Rc1+ 32.Kg2 Rc2+ 33.Kh3 Rc6 34.Nd5 g5 35.Nxf6 Kxf6
36.Qxb7 Re6 37.Qf3+ Kg6 38.g4 hxg4+ 39.Kxg4 Re5 40.Qd3+ Kf6 41.Qd6+ Re6 42.Qd4+ Kg6
43.b4 axb4 44.axb4 Nc6 45.Qd3+ Kh6 46.Kf5 Rg6 47.b5 Ne7+ 48.Kg4 Rf6 49.Qh3+ Kg6
50.Qd3+ Kh6 51.Qe3 Rf4+ 52.Kh3 Nf5 53.Qe6+ Kh5 54.Qe8+ Kh6 55.b6 Nh4 56.Qe3  1-0

[Event "Philadelphia opI"]
[Site "Philadelphia"]
[Date "1992.??.??"]
[Round "7"]
[White "Paschall, William M"]
[Black "Christensen, Wayne"]
[Result "1/2-1/2"]
[WhiteElo "2330"]
[BlackElo "2205"]

1.d4 Nf6 2.c4 e6 3.Nf3 Bb4+ 4.Bd2 Qe7 5.g3 Nc6 6.Bg2 Bxd2+ 7.Qxd2 Ne4 8.Qc2 Qb4+
9.Nc3 f5 10.d5 Na5 11.dxe6 dxe6 12.Rc1 Nxc4 13.O-O Nxc3 14.Qxc3 Qxc3 15.Rxc3 Nxb2
16.Rxc7 O-O 17.Ne5 Na4 18.Rd1 Nb6 19.Rd6 Rb8 20.Re7 f4 21.Bh3 fxg3 22.hxg3 Nd5
23.Bxe6+ Bxe6 24.Rexe6 Rf6 25.Rxf6 Nxf6 26.Nd7 Ne8  1/2-1/2

[Event "Pila"]
[Site "Pila"]
[Date "1992.??.??"]
[Round "4"]
[White "Plachetka, Jan"]
[Black "Rashkovsky, Nukhim N"]
[Result "1/2-1/2"]
[WhiteElo "2460"]
[BlackElo "2520"]

1.d4 Nf6 2.c4 e6 3.Nf3 Bb4+ 4.Bd2 Bxd2+ 5.Qxd2 d5 6.e3 O-O 7.Nc3 Qe7 8.Rc1 Rd8
9.cxd5 exd5 10.Be2 c6 11.O-O Bg4  1/2-1/2

[Event "Podolsk"]
[Site "Podolsk"]
[Date "1992.??.??"]
[Round "?"]
[White "Vyzmanavin, Alexey"]
[Black "Kiselev, Sergey"]
[Result "1/2-1/2"]
[WhiteElo "2580"]
[BlackElo "2530"]

1.d4 Nf6 2.c4 e6 3.Nf3 Bb4+ 4.Bd2 Bxd2+ 5.Qxd2 d5 6.Nc3 O-O 7.e3 Qe7 8.Rc1 Rd8
9.cxd5 exd5 10.Bd3 c6 11.O-O Bg4 12.Ne5 Nbd7  1/2-1/2

[Event "Polanica Zdroj op"]
[Site "Polanica Zdroj"]
[Date "1992.??.??"]
[Round "5"]
[White "Jaworski, Miroslaw"]
[Black "Perdek, Miroslaw"]
[Result "1/2-1/2"]
[WhiteElo "2320"]
[BlackElo "2270"]

1.d4 Nf6 2.c4 e6 3.Nf3 Bb4+ 4.Bd2 Qe7 5.g3 Nc6 6.Nc3 Bxc3 7.Bxc3 Ne4 8.Rc1 d6
9.Bg2 Nxc3 10.Rxc3 e5 11.d5 Nb8 12.c5 O-O 13.cxd6 cxd6 14.O-O a5 15.Nd2 Na6
16.Nc4 Qd8 17.Qb3 Nc5 18.Qb6 Na4 19.Qxd8 Rxd8 20.Rb3 b5 21.Na3 b4 22.Nc4  1/2-1/2

[Event "Ponferrada op"]
[Site "Ponferrada"]
[Date "1992.??.??"]
[Round "?"]
[White "Zlotnik, Boris A"]
[Black "Hoffman, Alejandro"]
[Result "0-1"]
[WhiteElo "2455"]
[BlackElo "2445"]

1.d4 Nf6 2.c4 e6 3.Nf3 Bb4+ 4.Bd2 Qe7 5.g3 Nc6 6.Bg2 Bxd2+ 7.Nbxd2 d6 8.e4 e5
9.d5 Nb8 10.b4 a5 11.a3 O-O 12.O-O Na6 13.Ne1 Bg4 14.f3 Bd7 15.Nd3 axb4 16.axb4 c6
17.Qb3 cxd5 18.exd5 Bf5 19.Nf2 Qc7 20.Ra2 Qb6 21.Rb2 Rfe8 22.Re1 Rec8 23.Nf1 Qd4
24.Rd1 Qa7 25.Ne3 Bd7 26.Qa3 Qb6 27.Rc1 Re8 28.c5 dxc5 29.bxc5 Nxc5 30.Qc3 Qa7
31.Rbb1 Na4 32.Qa3 b5 33.Bf1 Reb8 34.Rb4 h5 35.Kg2 Qa6 36.Qb3 Qb6 37.Qd3 Qd6
38.Rcb1 Rc8 39.Qd2 Nc3 40.R1b2 Nfxd5 41.Nxd5 Qxd5 42.Qg5 e4 43.Qxd5 Nxd5
44.Rxe4 Rc3 45.Rd2 Be6 46.Rxe6 fxe6 47.Bxb5 Rc2 48.Rxc2 Ne3+ 49.Kh3 Nxc2
50.f4 Kf7 51.Ne4 Nd4 52.Bc4 Ra4 53.Kh4 Nf5+ 54.Kxh5 Rxc4  0-1

[Event "Porz op28"]
[Site "Porz"]
[Date "1992.??.??"]
[Round "4"]
[White "Schmidt, B."]
[Black "Preuschoff, Michael"]
[Result "0-1"]
[WhiteElo "2340"]
[BlackElo "2270"]

1.d4 Nf6 2.c4 e6 3.Nf3 Bb4+ 4.Bd2 Qe7 5.a3 Bxd2+ 6.Nbxd2 d6 7.e3 e5 8.dxe5 dxe5
9.Be2 Bf5 10.O-O Nbd7 11.h3 O-O-O 12.b4 c5 13.bxc5 Nxc5 14.Qc1 g5 15.Nxg5 Rhg8
16.h4 h6 17.Ngf3 Nfe4 18.Nxe4 Bxe4 19.g3 Nb3 20.Qb2 Nxa1 21.Rxa1 f6 22.c5 Kb8
23.Nd2 Bd5 24.Rc1 Rc8 25.Qb4 Rc7 26.e4 Be6 27.Nb3 Bxb3 28.Qxb3 Rgc8 29.Qe3 Rxc5
30.Rb1 Rc3 31.Qxh6 Rxa3 32.Bg4 Rg8 33.Bf5 a5 34.Qc1 Rd3 35.Qc4 Rgd8 36.Kg2 R3d4
37.Qa6 Rb4 38.Rxb4 axb4 39.Qc4 b6 40.h5 Qc5 41.Qe6 Rd2 42.Qxf6 b3 43.h6 b2
44.h7 Rxf2+ 45.Kh3 b1=Q 46.h8=Q+ Ka7 47.Qf7+ Ka6 48.Qa8+ Kb5 49.Qd7+ Kb4
50.Qda4+ Kc3 51.Qa3+ Qxa3 52.Qxa3+ Kc2 53.Qa4+ Kd2 54.Qd7+ Ke3 55.Qc6 Qb2
56.Kh4 Kf3 57.Bg4+ Kg2 58.Qc4 b5 59.Qd3 b4 60.Qe3 Qd2 61.Qxd2 Rxd2 62.Be6 Kf3
63.Bd5 Rd3 64.Ba2 b3  0-1

[Event "Prague DDM-B"]
[Site "Prague"]
[Date "1992.??.??"]
[Round "1"]
[White "Spacek, Petr"]
[Black "Tichy, Vladimir"]
[Result "1-0"]
[WhiteElo "2395"]
[BlackElo "2395"]

1.d4 Nf6 2.Nf3 e6 3.c4 Bb4+ 4.Bd2 Bxd2+ 5.Qxd2 d6 6.Nc3 O-O 7.e4 Nc6 8.g3 e5
9.d5 Nb8 10.Bg2 Bg4 11.Nh4 a5 12.O-O Na6 13.f3 Bd7 14.Rab1 Ne8 15.b3 g6 16.Qf2 Nc5
17.f4 Nd3 18.Qe3 Nxf4 19.gxf4 Qxh4 20.fxe5 dxe5 21.Rf3 Nf6 22.Bh3 Ng4 23.Bxg4 Bxg4
24.Rf2 Rae8 25.Qc5 f5 26.Re1 Bf3 27.Qe3 Qg4+ 28.Kf1 fxe4 29.Rc1 Bg2+ 30.Ke1 Rxf2
31.Qxf2 Rf8 32.Qg3 Qxg3+ 33.hxg3 e3 34.Ke2 c6 35.d6 Kf7 36.Rg1 Bh3 37.Rh1 Bg4+
38.Kxe3 Ke6 39.Rxh7 b6 40.Ne4 Re8 41.Rc7 Bf5 42.Rxc6 Rb8 43.Rc7 Bxe4 44.Kxe4 Kxd6
45.Rg7 Kc5 46.Rxg6 Kb4 47.Rc6 a4 48.bxa4 Rg8 49.Rxb6+ Kc5 50.Rb5+ Kd6 51.Rd5+ Kc6
52.Rd3 Rg4+ 53.Kxe5 Rxc4 54.Rd4  1-0

[Event "Prague DDM"]
[Site "Prague"]
[Date "1992.??.??"]
[Round "3"]
[White "Mozny, Milos"]
[Black "Lechtynsky, Jiri"]
[Result "1/2-1/2"]
[WhiteElo "2425"]
[BlackElo "2395"]

1.d4 Nf6 2.Nf3 e6 3.c4 Bb4+ 4.Bd2 Qe7 5.e3 b6 6.Bxb4 Qxb4+ 7.Nbd2 Bb7 8.Be2 c5
9.O-O d6 10.dxc5 dxc5 11.Ne5 Nbd7 12.Nxd7 Nxd7 13.Re1  1/2-1/2

[Event "CSR-ch"]
[Site "Prague"]
[Date "1992.??.??"]
[Round "4"]
[White "Jirovsky, Pavel"]
[Black "Cejkova, Miroslava"]
[Result "1-0"]
[WhiteElo "2290"]
[BlackElo "2100"]

1.d4 Nf6 2.Nf3 e6 3.c4 Bb4+ 4.Bd2 Qe7 5.g3 Bxd2+ 6.Nbxd2 d6 7.Bg2 O-O 8.O-O e5
9.e4 Bg4 10.d5 a5 11.Qc2 Na6 12.a3 Qd7 13.b3 Nh5 14.Qc3 f5 15.exf5 Qxf5 16.b4 Bh3
17.Nh4 Qd7 18.Ne4 Bxg2 19.Nxg2 Qf5 20.Rae1 axb4 21.axb4 Nf6 22.f3 Qd7 23.Ng5 b5
24.f4 exf4 25.Nxf4 Rab8 26.Nfe6 bxc4 27.Rxf6 gxf6 28.Ne4 Qe7 29.Nxf6+ Kh8
30.Ng4+  1-0

[Event "CSR-ch"]
[Site "Prague"]
[Date "1992.??.??"]
[Round "9"]
[White "Plachetka, Jan"]
[Black "Stohl, Igor"]
[Result "1/2-1/2"]
[WhiteElo "2460"]
[BlackElo "2560"]

1.d4 Nf6 2.Nf3 e6 3.c4 Bb4+ 4.Bd2 Qe7 5.g3 Nc6 6.Bg2 Bxd2+ 7.Nbxd2 d6 8.O-O a5
9.e4 e5 10.d5 Nb8 11.Ne1 h5 12.h4 Bd7 13.Nd3 Na6 14.b3 c6 15.Re1 O-O 16.Nf3 cxd5
17.exd5 Rae8 18.Ng5 Qd8 19.Rc1 Bf5 20.Qd2 g6 21.Bh3 Bxd3 22.Qxd3 Nc5 23.Qc3 Nh7
24.Nxh7 Kxh7 25.a3 e4 26.Bf1 b6 27.b4 Nd7 28.f4 exf3 29.Qxf3 Re5 30.Rxe5 Nxe5
31.Qf4 Qe7 32.Be2 axb4 33.axb4 Ra8 34.Rc2 Ra1+ 35.Kg2 Rb1 36.c5 bxc5 37.bxc5 dxc5
38.Qe3 Qf6 39.Qf2  1/2-1/2

[Event "Prague DDM-C"]
[Site "Prague"]
[Date "1992.??.??"]
[Round "9"]
[White "Vokac, Marek"]
[Black "Becker, Marc"]
[Result "1-0"]
[WhiteElo "2395"]
[BlackElo "2340"]

1.d4 Nf6 2.c4 e6 3.Nf3 Bb4+ 4.Bd2 Qe7 5.g3 Nc6 6.Bg2 Bxd2+ 7.Nbxd2 a5 8.O-O d6
9.e4 e5 10.d5 Nb8 11.Ne1 O-O 12.Nd3 Na6 13.Nb1 c6 14.Nc3 cxd5 15.cxd5 Bd7
16.Qd2 b5 17.Nd1 b4 18.Ne3 Nc7 19.a4 bxa3 20.Rxa3 a4 21.Rfa1 Rfc8 22.Nb4 g6
23.Nc6 Bxc6 24.dxc6 Nb5 25.Rxa4 Rxa4 26.Rxa4 Nd4 27.Nd5 Qe6 28.f4 Kg7 29.f5 Qe8
30.Qg5 Ng8 31.f6+ Kh8 32.Rxd4 exd4 33.c7 Qc6 34.Qd2 Rxc7 35.Nxc7 Qxc7 36.Qxd4 Qc1+
37.Bf1 Qg5 38.b4 Qxf6 39.Qxf6+ Nxf6 40.Bg2 Kg7 41.Kf2 Ng4+ 42.Ke2 Nxh2 43.e5 Ng4
44.exd6 Ne5 45.Bd5 Nd7 46.Ke3 f5 47.Be6 Nb8 48.Bc8 Nc6 49.b5 Nd8 50.Kd4 Kf6
51.Kc5 g5 52.b6  1-0

[Event "Rishon Le Ziyyon"]
[Site "Rishon Le Ziyyon"]
[Date "1992.??.??"]
[Round "11"]
[White "Hebden, Mark"]
[Black "Khasin, Alexander"]
[Result "1/2-1/2"]
[WhiteElo "2510"]
[BlackElo "2460"]

1.d4 Nf6 2.Nf3 e6 3.c4 Bb4+ 4.Bd2 Qe7 5.g3 Nc6 6.Nc3 O-O 7.Bg2 Bxc3 8.Bxc3 Ne4
9.Rc1 d6 10.O-O Nxc3 11.Rxc3 e5 12.d5 Nb8 13.Nd2 f5 14.c5 Na6 15.cxd6 cxd6
16.Qb3 e4 17.f3 exf3 18.exf3 Nc5 19.Qa3 Bd7 20.f4 a5 21.Re3 Qf6 22.Rfe1 b5
23.Qc3 Qxc3 24.Rxc3 Rfe8 25.Rxe8+ Rxe8 26.Kf2 Kf8 27.Bf1 Rb8 28.Rc1 h6  1/2-1/2

[Event "Roquebrune rapid"]
[Site "Roquebrune"]
[Date "1992.??.??"]
[Round "5"]
[White "Karpov, Anatoly"]
[Black "Larsen, Bent"]
[Result "1-0"]
[WhiteElo "2725"]
[BlackElo "2535"]

1.d4 Nf6 2.c4 e6 3.Nf3 Bb4+ 4.Bd2 a5 5.g3 b6 6.Bg2 Bb7 7.O-O O-O 8.Bg5 Be7
9.Bxf6 Bxf6 10.Nc3 d6 11.Qc2 g6 12.Rfd1 Nd7 13.Nb5 Bg7 14.Ne1 Qb8 15.d5 Nc5
16.e4 Qd8 17.Nd3 Qe7 18.Nxc5 bxc5 19.Rd3 Ba6 20.a4 Bxb5 21.cxb5 Bd4 22.dxe6 fxe6
23.Rf1 Rf7 24.Kh1 Raf8 25.f4 g5 26.Rdf3 gxf4 27.Rxf4 Rxf4 28.gxf4 Kh8 29.Qd2 Qh4
30.b3 Rg8 31.Qxa5 Qg4 32.Qd2 Be3 33.Qb2+ e5 34.fxe5 Bd4 35.Qd2 Bxe5 36.Rf3 Qxe4
37.Rf1 Qh4 38.Bd5 Re8 39.Qg2 Bd4 40.a5 Qd8 41.a6 Qb8 42.Bc6 Rg8 43.Qe4 Rf8
44.Rd1 Be5 45.Qa4 Qa7 46.Qh4 Qb8 47.Be4 Rf7 48.Qh5 Rg7 49.Rg1 Rxg1+ 50.Kxg1 Qg8+
51.Kf1  1-0

[Event "Roquebrune rapid"]
[Site "Roquebrune"]
[Date "1992.??.??"]
[Round "8"]
[White "Ljubojevic, Ljubomir"]
[Black "Kortschnoj, Viktor"]
[Result "1/2-1/2"]
[WhiteElo "2610"]
[BlackElo "2585"]

1.d4 Nf6 2.c4 e6 3.Nf3 Bb4+ 4.Bd2 c5 5.Bxb4 cxb4 6.Nbd2 O-O 7.g3 d6 8.Bg2 Re8
9.O-O e5 10.Qb3 a5 11.a3 Na6 12.e3 Bg4 13.h3 Bxf3 14.Bxf3 Qd7 15.Bg2 exd4
16.exd4 Re2 17.Qd3 Rae8 18.Bf3 R2e7 19.Kg2 h5 20.h4 g6 21.Rfd1 Kg7 22.Rac1 Nb8
23.axb4 axb4 24.c5 d5 25.Nf1 Ne4 26.Bxe4 Rxe4 27.Ne3 Nc6 28.Qb3 Nxd4 29.Qxd5 Qxd5
30.Nxd5 Nb3 31.Rc2 Rc8 32.f3 Rd4 33.Rxd4 Nxd4 34.Rc4 Ne6 35.Nxb4 Rxc5  1/2-1/2

[Event "San Bernardino op"]
[Site "San Bernardino"]
[Date "1992.??.??"]
[Round "4"]
[White "Arduman, Can"]
[Black "Stock, Michael"]
[Result "1-0"]
[WhiteElo "2405"]
[BlackElo "2400"]

1.d4 Nf6 2.c4 e6 3.Nf3 Bb4+ 4.Bd2 Qe7 5.Nc3 O-O 6.Qc2 d5 7.e3 Bxc3 8.Bxc3 Ne4
9.Bd3 f5 10.Qb3 Nxc3 11.bxc3 dxc4 12.Bxc4 Nc6 13.Bb5 Nd8 14.O-O c6 15.Bd3 Kh8
16.a4 Nf7 17.Qa3 Qd8 18.Bc4 Nd6 19.Ba2 Rf6 20.Ne5 g5 21.f3 Kg7 22.Qc1 Nf7
23.Nd3 Rh6 24.e4 g4 25.fxg4 Qh4 26.Qf4 Rg6 27.gxf5 Rg4 28.Qf2 Qxf2+ 29.Nxf2 Rf4
30.fxe6 Ng5 31.d5 Nxe4 32.Nxe4 Rxe4 33.c4 Bxe6 34.dxe6 Rxe6 35.Rae1 Rxe1
36.Rxe1 Kf6 37.c5 Rd8 38.Re6+ Kf5 39.Rd6 Re8 40.Rd7 Re1+ 41.Kf2 Rc1 42.Bb3 Rxc5
43.Rxb7 a5 44.Rxh7 Ke4 45.Re7+ Kd3 46.g4 Rg5 47.Kf3 c5 48.h4 Rg6 49.g5 Kc3
50.Rb7  1-0

[Event "Santiago op"]
[Site "Santiago de Chile"]
[Date "1992.??.??"]
[Round "8"]
[White "Araya, Ricardo"]
[Black "Capo, Jose"]
[Result "1-0"]
[WhiteElo "2290"]
[BlackElo "2390"]

1.d4 Nf6 2.Nf3 e6 3.c4 Bb4+ 4.Bd2 Qe7 5.g3 O-O 6.Bg2 Nc6 7.O-O Bxd2 8.Qxd2 Ne4
9.Qe3 f5 10.Nc3 Nxc3 11.Qxc3 d6 12.b4 Nd8 13.Rae1 c5 14.dxc5 dxc5 15.b5 Qf6
16.Qe3 Qe7 17.Ne5 Bd7 18.Rd1 Be8 19.Rd2 Nf7 20.Rfd1 Nxe5 21.Qxe5 Rf7 22.Rd6 Rf6
23.Qxc5 b6 24.Qe5 Rc8 25.Bd5 Bf7 26.Bc6 Be8 27.f4 h6 28.R1d3 Kh7 29.a3 Rc7
30.Kg2 Kg6 31.Kf2 Kh7 32.a4 Rg6 33.Rd2 Bxc6 34.Rxc6 Rd7 35.Rdd6 Rxd6 36.Qxd6 Qf6
37.Qe5 Qe7 38.c5 bxc5 39.Qxc5 Qd8 40.Rd6 Qa5 41.Qc4 Rf6 42.Rxe6 Rf8 43.Rd6 Kh8
44.Qd4 Rf7 45.Rxh6+ Kg8 46.Rc6 Kh7 47.h4 Rc7 48.Ra6  1-0

[Event "Sas van Gent"]
[Site "Sas van Gent"]
[Date "1992.??.??"]
[Round "?"]
[White "Farago, Ivan"]
[Black "Deleyn, Gunter"]
[Result "1-0"]
[WhiteElo "2510"]
[BlackElo "2320"]

1.d4 Nf6 2.c4 e6 3.Nf3 Bb4+ 4.Bd2 Qe7 5.g3 Nc6 6.Nc3 Bxc3 7.Bxc3 Ne4 8.Rc1 O-O
9.Bg2 a5 10.O-O Nxc3 11.Rxc3 d6 12.d5 Nb8 13.Qc2 Na6 14.a3 e5 15.Rb1 f5 16.b4 f4
17.Nd2 Bd7 18.c5 axb4 19.axb4 Bb5 20.Ne4 Rad8 21.Bh3 Kh8 22.Ra3 h6 23.Ra5 Bd7
24.Bxd7 Qxd7 25.c6 Qc8 26.cxb7 Qxb7 27.Qc6 Qxc6 28.dxc6 d5 29.Nc3 Nb8 30.b5 d4
31.Ne4 d3 32.exd3 Rxd3 33.Ra7 Rc8 34.Nc5 Rd6 35.Ra8 Rg8 36.b6 Rxc6 37.bxc7 Rxc7
38.Rbxb8 Rxb8 39.Rxb8+ Kh7 40.Ne6 Rc1+ 41.Kg2 g5 42.Kf3 Kg6 43.Rb6 Kf7 44.Rc6 Rh1
45.Kg2 Re1 46.Nc5 g4 47.gxf4 exf4 48.Rxh6  1-0

[Event "Alekhine op"]
[Site "Smolensk"]
[Date "1992.??.??"]
[Round "8"]
[White "Shestoperov, Aleksej"]
[Black "Zakharov, Alexander V"]
[Result "1-0"]
[WhiteElo "2455"]
[BlackElo "2365"]

1.d4 Nf6 2.Nf3 e6 3.c4 Bb4+ 4.Bd2 a5 5.g3 b6 6.Bg2 Bb7 7.O-O O-O 8.Bg5 Be7
9.Nc3 Na6 10.Qc2 Nb4 11.Qb1 c5 12.dxc5 bxc5 13.a3 Nc6 14.Rd1 h6 15.Bf4 Nh5
16.Be3 Ba6 17.b3 Rb8 18.Qc2 Qc7 19.Rab1 f5 20.Qd2 d6 21.h3 g5 22.Qc2 Bf6
23.g4 Ng7 24.Nb5 Bxb5 25.cxb5 Ne7 26.Nd4 f4 27.Bc1 Bxd4 28.Rxd4 Rxb5 29.a4 Rbb8
30.Rd1 Qb6 31.Bd2 d5 32.Rdc1 Rfc8 33.Qc3 Nc6 34.e3 fxe3 35.fxe3 Nb4 36.Qf6  1-0

[Event "St Petersburg"]
[Site "St Petersburg"]
[Date "1992.??.??"]
[Round "?"]
[White "Naumkin, Igor"]
[Black "Kuzmin, Gennadi P"]
[Result "1/2-1/2"]
[WhiteElo "2460"]
[BlackElo "2530"]

1.d4 Nf6 2.c4 e6 3.Nf3 Bb4+ 4.Bd2 Bxd2+ 5.Qxd2 O-O 6.Nc3 d5 7.e3 Qe7 8.Rc1 Rd8
9.Qc2 dxc4 10.Bxc4 c5 11.O-O Nc6  1/2-1/2

[Event "Rilton Cup"]
[Site "Stockholm"]
[Date "1992.??.??"]
[Round "2"]
[White "Kretz, Johan"]
[Black "Lindberg, Bengt"]
[Result "0-1"]
[WhiteElo "2215"]
[BlackElo "2345"]

1.d4 Nf6 2.c4 e6 3.Nf3 Bb4+ 4.Bd2 c5 5.Bxb4 cxb4 6.g3 O-O 7.Bg2 d6 8.O-O Re8
9.Qb3 a5 10.a3 Na6 11.axb4 axb4 12.Nbd2 e5 13.dxe5 dxe5 14.Rfd1 Qb6 15.Ng5 Nc5
16.Qe3 Rxa1 17.Rxa1 Ng4 18.Qf3 Qg6 19.Nde4 Nxe4 20.Nxe4 f5 21.Nc5 e4 22.Qf4 Qc6
23.Nd3 Qf6 24.Nc5 Qc6 25.Nd3 Qb6 26.Ne1 Qd4 27.h3 Nf6 28.Qc1 Be6 29.b3 Rd8
30.Nc2 Qc3 31.Qb1 Rd2 32.Ra2 Rxe2 33.Bf1 Rd2 34.Ne3 Rd7 35.Ra5 g6 36.Qa1 Kf7
37.Qa4 Re7 38.Rb5 Bd7 39.Qxb4 Qxb4 40.Rxb4 Bc6 41.c5 Nd7 42.Rc4 Ne5 43.Rc3 Nf3+
44.Kg2 Nd4 45.Bc4+ Kf6 46.Nd5+ Bxd5 47.Bxd5 Ke5 48.Bc4 g5 49.b4 f4 50.b5 Rc7
51.Bf1 f3+ 52.Kh2 Ne2 53.Rc2 Nd4 54.Rc3 Ne6 55.c6 bxc6 56.bxc6 Kd5 57.Ba6 Nd4
58.Bb7 Nb5 59.Rb3 Kc4 60.Rb2 Nd4  0-1